000 00617nam a2200229Ia 4500
003 OSt
005 20220923230650.0
006 a|||||r|||| 00| 0
007 ta
008 Pun
024 _a304,574
037 _cTextual
040 _aARTS
_cARTS
_bPun
041 _2Pun
_aPun
082 _aY73(Q8441).1, 153M1
100 _aਸਿੰਘ, ਹਰਨਾਮ
245 0 _aਪਹਾੜਾਂ ਵਿਚ ਸਿੱਖੀ ਜੀਵਨ
260 _c1981
650 _aਸਮਾਜ Fਾਸਤਰ
942 _hY73(Q8441).1, 153M1
_cTEXL
_2CC
999 _c386384
_d386384